How many 99s are there in FC24 - Statistics

General Stats
  • This quiz has been taken 42 times
  • The average score is 18 of 26
Answer Stats
Position Team Country Answer % Correct
ST AL nassr Portugal Cristiano Ronaldo
100%
CF Inter Miami Argentina Messi
97%
RW Liverpool Egypt Salah
97%
ST Man city Norway Haaland
92%
CB Liverpool Netherlands Van Dijk
92%
LW AL hilal Brazil Neymar
89%
LW tottenham South Korea Son
83%
CAM Icon Brazil Pele
81%
RB Bayer Leverkusen Netherlands Frimpong
78%
RB Icon Germany Lahm
69%
CM Barcelona Spain Pedri
69%
CB Manchester United Netherlands De Ligt
67%
ST chelsea Australia Sam Kerr
67%
CM Icon England Beckham
64%
RW Barcelona Norway Hansen
64%
CF Icon Portugal Eusebio
61%
CM barcelona spain Putellas
61%
CAM Bayer Leverkussen Germany Wirtz
61%
CM Atletico Madrid Argentina De Paul
58%
CM Icon Japan Sawa
58%
CB Hero Brazil Lucio
56%
GK westham England Foderingham
53%
ST icon USA Hamm
53%
LB PSG France Karchaoui
50%
ST San diegowave USA Morgan
47%
CM Chelsea Argentina Fernandez
44%
No matching quizzes found
Score Distribution
Percent of People with Each Score
Percentile by Number Answered
Your Score History
You have not taken this quiz